Veterinary clinical pathology /

Bibliographic Details
Main Author: Coles, Embert H.
Format: Book
Language:English
Published: Philadelphia : Saunders, 1980.
Edition:Third edition.
Subjects:

MARC

Tag First Indicator Second Indicator Subfields
LEADER 00000cam a2200000 i 4500
001 in00004464813
005 20191202121713.0
008 790910s1980 paua b 00110 eng
010 |a  78065966  
020 |a 0721626440 
035 |a (OCoLC)05451535 
035 |9 AAC5869MS 
035 |z (UtOrBLW)8454 
035 |a 14189 
040 |a DLC  |c DLC  |d USU  |d m.c.  |d TMV  |d UtOrBLW 
049 |a TMVM  |c 1 [2840890]  |c 3 [2840892] 
060 4 |a SF 769  |b C693v 1980 
100 1 |a Coles, Embert H. 
245 1 0 |a Veterinary clinical pathology /  |c Embert H. Coles. 
250 |a Third edition. 
264 1 |a Philadelphia :  |b Saunders,  |c 1980. 
300 |a xii, 562 pages :  |b illustrations ;  |c 27 cm. 
336 |a text  |2 rdacontent  |b txt 
337 |a unmediated  |2 rdamedia 
338 |a volume  |2 rdacarrier  |b nc 
504 |a Includes bibliographies and index. 
650 2 |a Pathology, Veterinary. 
999 |a MARS 
999 f f |s db013651-6aa4-34a0-bf78-bc88d7b880c0  |i 1f0bafa9-374d-3566-b7d5-258e1ce10f92  |t 0 
952 f f |p preservation  |a Texas A&M University  |b J.J. Pickle Campus  |c High Density Repository  |d Remote Storage  |t 0  |e SF 769 C693v 1980  |h National Library of Medicine classification  |i unmediated -- volume  |m 3238900016391 
998 f f |a SF 769 C693v 1980  |t 0  |l Remote Storage